| 000 | 01020nam a22002537a 4500 | ||
|---|---|---|---|
| 005 | 20140428162203.0 | ||
| 008 | 140428b2009 ve ||||| |||| 00| 0 spa d | ||
| 020 | _a9789807090087 | ||
| 041 | 0 | _aspa | |
| 044 | _ave | ||
| 082 | 0 | 4 |
_a597.8 _bR48a |
| 245 | 0 | 0 |
_aAnfibios de Venezuela : _bestado del conocimiento y recomendaciones para su conservación _cAnabel Rial ...[et al.] |
| 260 |
_a[Caracas, Venezuela] _bFundación La Salle de Ciencias Naturales _bConservación Internacional _bGol Reserve Inc. _c2009. |
||
| 300 |
_a130 p. _bi., fotos, gráficas, fotos (col) _c28 cm. |
||
| 504 | _aIncluye referencias bibliográficas (p. 113-130). | ||
| 590 | _aContiene manuscrito de donación de Carlos Lasso | ||
| 650 | 1 | 4 |
_aAnfibios _xConservación _zVenezuela _923846 |
| 650 | 2 | 4 |
_aDiversidad biológica _zVenezuela _923847 |
| 650 | 2 | 4 |
_aAnimales y plantas _zVenezuela _923848 |
| 650 | 2 | 4 |
_aZoogeografía _zVenezuela _923849 |
| 700 | 1 |
_aMolina, César _eed. _923850 |
|
| 700 | 1 |
_aSeñaris, Josefa _923851 |
|
| 942 |
_2ddc _cImpreso |
||
| 999 |
_c8410 _d8410 |
||